00541nam a2200169Ia 4500008004100000020001800041041000800059082001800067100003900085245001100124250000600135260003700141300001400178650002200192999001900214952013800233210716s2009 xx 000 0 und d a9788177223477 aeng a006.6768 ROBM aRobinson, Matthew;Vorobiev, Pavel. aSwing. a2 aNew DelhibDreamtech Pressc2009 axxiii,876 aLogic Programming c190839d190839 001040708MCAaAIMITbAIMITeHigginbothams Pvt Ltdg499.00l0o006.6768 ROBMpMCA10347r2026-05-23 00:00:00v374.25w2021-07-16yBK